| 000 | 00844cam a2200265 4500 | ||
|---|---|---|---|
| 008 | 090401t1983 xxu||||| |||| 00| 0 eng d | ||
| 020 | _a0854061940 | ||
| 035 | _a(Sirsi) u36909 | ||
| 041 | _aeng | ||
| 050 | _a658.202 | ||
| 090 | _aRICS 1983/21ABCD | ||
| 100 | _aFlanagan, Roger | ||
| 245 | _aLife cycle costing for construction | ||
| 260 |
_aLondon _bSurveyors Publications for RICS _c1983 |
||
| 300 | _a127p. 30cm | ||
| 350 | _a0 | ||
| 520 | _aSponsored by RICS QS Division. Prepared at the Department of Construction Management, University of Reading. | ||
| 650 | _aLIFE CYCLE COSTING | ||
| 700 | _aNorman, George | ||
| 700 | _aFurbur, J. David | ||
| 700 |
_aTownsend, Geoffrey M. _xChairman |
||
| 710 |
_aRoyal Institution of Chartered Surveyors _bQuantity Surveyors' Division _91263 |
||
| 942 | _n0 | ||
| 948 | _c04/03/1997 | ||
| 999 |
_c90404 _d90404 |
||